[Event "Titled Tue 17th Jun Early"]
[Site "chess.com INT"]
[Date "2025.06.17"]
[Round "10"]
[White "Mayank, Chakraborty"]
[Black "Cuenca Jimenez, Jose Fernando"]
[Result "1-0"]
[WhiteTitle "IM"]
[BlackTitle "GM"]
[WhiteElo "2457"]
[BlackElo "2487"]
[WhiteFideId "25659766"]
[BlackFideId "2255570"]
[EventDate "2025.06.17"]

1. Nf3 Nf6 2. d4 g6 3. c4 Bg7 4. g3 O-O 5. Bg2 d6 6. O-O c5 7. Nc3 Nc6 8. d5 Na5
9. Nd2 e6 10. e4 exd5 11. cxd5 c4 12. Nf3 Rb8 13. Be3 a6 14. Ba7 Ra8 15. Bd4 b5
16. b4 cxb3 17. axb3 Nd7 18. Bxg7 Kxg7 19. Nd4 Bb7 20. Qd2 Nc5 21. Qb2 b4 22.
Ncb5 Kg8 23. Nxd6 Qxd6 24. Rxa5 Nd3 25. Qd2 Qb6 26. Raa1 Qxd4 27. Rad1 a5 28.
Qxd3 Qxd3 29. Rxd3 Ba6 30. Rd4 Bxf1 31. Bxf1 a4 32. bxa4 Rxa4 33. d6 Rd8 34. e5
Ra5 35. f4 Rb8 36. Bc4 Raa8 37. Bd5 Ra1+ 38. Kg2 Ra5 39. Bb3 Kg7 40. g4 Ra3 41.
Rd3 Rd8 42. f5 Kf8 43. e6 fxe6 44. fxe6 Rb8 45. Rf3+ Ke8 46. Bd5 Rxf3 47. Bc6+
Kf8 48. Kxf3 b3 49. e7+ Kf7 50. Bd5+ Kf6 51. g5+ Ke5 52. Bxb3 Rxb3+ 53. Ke2 Rb2+
54. Kd1 1-0

[Event "Titled Tue 17th Jun Early"]
[Site "chess.com INT"]
[Date "2025.06.17"]
[Round "10"]
[White "George, Kevin"]
[Black "Bukreev, Stanislav"]
[Result "0-1"]
[WhiteTitle "IM"]
[BlackTitle "FM"]
[WhiteElo "2327"]
[BlackElo "2305"]
[WhiteFideId "10669515"]
[BlackFideId "34252347"]
[EventDate "2025.06.17"]

1. e4 e6 2. d4 d5 3. Nd2 c5 4. Ngf3 cxd4 5. Nxd4 Nf6 6. exd5 Nxd5 7. N2f3 Be7 8.
Bd3 O-O 9. O-O Nc6 10. Nxc6 bxc6 11. Qe2 Qc7 12. Qe4 g6 13. Bh6 Rd8 14. Bg5 Bb7
15. Bxe7 Nxe7 16. Qh4 Kg7 17. Rfe1 c5 18. Ng5 h6 19. Nxe6+ fxe6 20. Rxe6 Ng8 21.
Rxg6+ Kh8 22. Rxh6+ Nxh6 23. Qxh6+ Kg8 24. Bc4+ Bd5 25. Qg5+ Kh8 26. Bxd5 Rab8
27. Re1 Qg7 28. Qh4+ Qh7 29. Qc4 Re8 30. Be4 Qg7 31. Qxc5 Re5 32. Qd4 Qf6 33. f4
Qxf4 34. Qd6 Rf8 35. Qd4 Rf6 36. g3 Qg5 37. Qd8+ Kg7 38. Qd4 Kh6 39. Qd7 Rfe6
40. Qd4 Qg4 41. Qd2+ Kg7 42. Qd7+ Kg8 43. Qd8+ Re8 44. Qd4 Rxe4 45. Qd5+ Qe6 46.
Qg5+ Kh7 47. Rf1 Qg6 48. Qd5 R8e7 49. Qc6 Qxc6 50. Rf6 Re1+ 51. Kf2 R7e2# 0-1

[Event "Titled Tue 17th Jun Early"]
[Site "chess.com INT"]
[Date "2025.06.17"]
[Round "10"]
[White "Jahnz, Laurin"]
[Black "Punin, Andrii"]
[Result "1/2-1/2"]
[WhiteTitle "CM"]
[BlackTitle "FM"]
[WhiteElo "2221"]
[BlackElo "2289"]
[WhiteFideId "16261089"]
[BlackFideId "14112639"]
[EventDate "2025.06.17"]

1. e4 d5 2. exd5 Qxd5 3. Nc3 Qa5 4. Nf3 Nf6 5. Bc4 c6 6. d4 Bf5 7. Bd2 Qc7 8.
O-O Nbd7 9. Re1 e6 10. Ne5 Bd6 11. f4 h5 12. h3 a6 13. Qe2 Kf8 14. g4 hxg4 15.
hxg4 Bxe5 16. gxf5 Bxf4 17. fxe6 Bxd2 18. e7+ Ke8 19. Qxd2 Nb6 20. Bb3 Rh4 21.
Re2 Rg4+ 22. Rg2 Rxg2+ 23. Kxg2 Kxe7 24. Re1+ Kf8 25. Rh1 Re8 26. Rh8+ Ke7 27.
Qe3+ Kd8 28. Rxe8+ Nxe8 29. d5 Nxd5 30. Bxd5 cxd5 31. Nxd5 Qd6 32. Qd3 Nf6 33.
Ne3 Qxd3 34. cxd3 Ne8 35. Kf3 Kd7 36. Ke4 g6 37. d4 b5 38. Ke5 Ke7 39. Nd5+ Kd8
40. Nb4 Kd7 41. Nxa6 f6+ 42. Ke4 Nc7 43. Nc5+ Kc6 44. b4 g5 45. Kf5 Nd5 46. Nd3
Kd6 47. a3 Ke7 48. Nc5 Nc3 49. Na6 Kd6 50. Nc5 Kd5 51. Nd7 Kxd4 52. Nxf6 Nb1 53.
Ne8 Nxa3 54. Nc7 g4 55. Kxg4 Kc4 56. Nxb5 Nxb5 57. Kg3 Kxb4 1/2-1/2

[Event "Titled Tue 17th Jun Early"]
[Site "chess.com INT"]
[Date "2025.06.17"]
[Round "10"]
[White "Topencik, Bruno"]
[Black "Jasinski, Alexander"]
[Result "0-1"]
[WhiteTitle "FM"]
[WhiteElo "2276"]
[BlackElo "1989"]
[WhiteFideId "23716550"]
[BlackFideId "55627994"]
[EventDate "2025.06.17"]

1. e4 c5 2. Nc3 Nc6 3. Bb5 Nd4 4. Nf3 a6 5. Bd3 g6 6. Nxd4 cxd4 7. Ne2 Bg7 8.
O-O e6 9. c3 dxc3 10. dxc3 Ne7 11. Bc2 d5 12. exd5 Nxd5 13. Nf4 O-O 14. Nxd5
exd5 15. Be3 Be6 16. Bd4 Bxd4 17. Qxd4 Qc7 18. Rfe1 Rad8 19. Bb3 b5 20. a3 a5
21. Rad1 Rd7 22. h4 h5 23. Qf6 Rfd8 24. Rd4 Qc5 25. Bc2 Bg4 26. f3 Rd6 27. Qe7
Be6 28. Bxg6 Qc6 29. Rxe6 fxg6 30. Rxd6 Qxd6 31. Qe3 Kg7 32. Qd3 Qg3 33. Qxb5
Rd6 34. Qe2 Kf7 35. Qf2 Qe5 36. Qd2 Kg7 37. Qf4 Qe1+ 38. Kh2 Rf6 39. Qg5 Rf5 40.
Qg3 Qe7 41. b4 axb4 42. cxb4 Qa7 43. Rd3 Qf7 44. Qd6 Rf4 45. Qe5+ Kh7 46. Qxd5
Rxh4+ 47. Kg1 Qa7+ 48. Qc5 Qg7 49. Qc3 Qe7 50. Qd2 Qa7+ 51. Qf2 Qe7 52. Qe1
Qxe1# 0-1

[Event "Titled Tue 17th Jun Early"]
[Site "chess.com INT"]
[Date "2025.06.17"]
[Round "10"]
[White "Shymanskyi, Oleksandr"]
[Black "Herman, Daniel"]
[Result "0-1"]
[WhiteTitle "FM"]
[WhiteElo "2218"]
[BlackElo "1920"]
[WhiteFideId "14168880"]
[BlackFideId "30935008"]
[EventDate "2025.06.17"]

1. e4 e6 2. d4 d5 3. Nd2 c5 4. Ngf3 Nc6 5. exd5 exd5 6. Bb5 Nf6 7. O-O Be7 8.
dxc5 Bxc5 9. Re1+ Be6 10. Nb3 Bb6 11. Nbd4 O-O 12. Bxc6 bxc6 13. Nxc6 Qd6 14.
Ncd4 Bg4 15. c3 Ne4 16. Be3 f5 17. h3 Bh5 18. Qb3 f4 19. Nb5 fxe3 20. Nxd6 exf2+
21. Kh1 fxe1=Q+ 22. Rxe1 Nxd6 23. Qxd5+ Bf7 24. Qxd6 Bxa2 25. Re7 Rad8 26. Qe5
Rf7 27. Rxf7 Bxf7 28. Qe2 Re8 29. Qd2 Rd8 30. Qc2 Bg6 31. Qb3+ Bf7 32. Qc2 Bg6
33. Qe2 Re8 34. Qc4+ Bf7 35. Qf1 Rc8 36. Ne5 Be6 37. Qe2 Rf8 38. Nf3 Bd5 39. c4
Bf7 40. b4 Bc7 41. Ng5 Re8 42. Qf1 Bg6 43. c5 h6 44. Qc4+ Kh8 45. Nf3 Be4 46.
Qe2 Bc6 47. Qd1 Rd8 48. Qc1 Rd3 49. Qe1 Kh7 50. Qe7 Rd1+ 51. Ne1 Bg3 52. Kg1
Rxe1+ 0-1

[Event "Titled Tue 17th Jun Early"]
[Site "chess.com INT"]
[Date "2025.06.17"]
[Round "10"]
[White "Dogan, Umut Anil"]
[Black "Jacobsen, Mikkel Manosri"]
[Result "1-0"]
[WhiteTitle "CM"]
[BlackTitle "FM"]
[WhiteElo "2060"]
[BlackElo "2223"]
[WhiteFideId "51618060"]
[BlackFideId "1444514"]
[EventDate "2025.06.17"]

1. c4 c6 2. Nf3 d5 3. e3 Nf6 4. Nc3 a6 5. b3 e6 6. Bb2 Nbd7 7. d4 Bb4 8. a3 Ba5
9. Bd3 Ne4 10. b4 Nxc3 11. Bxc3 Bc7 12. O-O O-O 13. e4 dxc4 14. Bxc4 Re8 15. Re1
Qe7 16. e5 a5 17. Qc2 b6 18. Bd3 Nf8 19. bxa5 bxa5 20. Be4 Bd7 21. Bd2 h6 22.
Bxc6 Bxc6 23. Qxc6 Rec8 24. Qe4 Nd7 25. h4 Nb6 26. Qg4 Kh8 27. Qh5 Kh7 28. Re4
Qf8 29. Rf4 g6 30. Qg4 Nd5 31. Re4 Bd8 32. Qg3 Rc2 33. h5 g5 34. Re2 Rac8 35.
Ne1 Nf4 36. Bxf4 Rxe2 37. Qd3+ Kh8 38. Qxe2 gxf4 39. Nd3 Rc3 40. Nxf4 Rxa3 41.
Rc1 Bg5 42. Qe4 Qd8 43. Rc6 Ra1+ 44. Kh2 Rd1 45. Ne2 Qd5 46. Qxd5 exd5 47. Kg3
Rd3+ 48. Kg4 Rd2 49. Kf3 Rd3+ 50. Kg4 Rd2 51. f4 Rxe2 52. fxg5 Re4+ 53. Kf5 hxg5
54. Kxg5 Kh7 55. Rc7 1-0

[Event "Titled Tue 17th Jun Early"]
[Site "chess.com INT"]
[Date "2025.06.17"]
[Round "10"]
[White "Ivanov, Andrey A."]
[Black "Ghosh, Chanchal Kumer"]
[Result "1-0"]
[WhiteTitle "CM"]
[BlackTitle "CM"]
[WhiteElo "2120"]
[BlackElo "2018"]
[WhiteFideId "2514311"]
[BlackFideId "10201858"]
[EventDate "2025.06.17"]

1. Nf3 d5 2. d4 e6 3. c4 Nf6 4. Nc3 a6 5. cxd5 exd5 6. Bg5 Be7 7. Qc2 O-O 8. e3
b6 9. Bd3 h6 10. Bxf6 Bxf6 11. Nxd5 Qxd5 12. O-O c6 13. e4 Qh5 14. e5 Be7 15.
Be4 Bg4 16. h3 Be6 17. Kh2 Rd8 18. Rg1 Bd5 19. Bh7+ Kh8 20. g4 Bxf3 21. gxh5
Bxh5 22. Be4 Rxd4 23. Bxc6 Nxc6 24. Qxc6 Rad8 25. Rg2 Rd3 26. Rag1 Bf3 27. Qxb6
Bxg2 28. Rxg2 Bg5 29. Rg4 Rd2 30. h4 Be7 31. Qe3 Rxb2 32. Qg3 Bf8 33. a3 Ra2 34.
Rf4 Rxa3 35. Qg4 Kg8 36. Qf5 f6 37. exf6 Bd6 38. Qe6+ Kh8 39. fxg7+ Kxg7 40.
Qf6+ Kh7 41. Qxd8 Bxf4+ 42. Kg2 Kg6 43. Qg8+ Kh5 44. Qf7+ Kxh4 45. Qe7+ Kg4 46.
Qxa3 a5 47. Qxa5 h5 48. Qd8 Bg5 49. Qd7+ Kf4 50. Qf7+ Kg4 51. Qf3+ Kh4 52. Qh3# 1-0

[Event "Titled Tue 17th Jun Early"]
[Site "chess.com INT"]
[Date "2025.06.17"]
[Round "10"]
[White "Mekhitarian, Krikor Sevag"]
[Black "Drygalov, Andrey"]
[Result "1-0"]
[WhiteTitle "GM"]
[BlackTitle "GM"]
[WhiteElo "2564"]
[BlackElo "2431"]
[WhiteFideId "2107660"]
[BlackFideId "24171735"]
[EventDate "2025.06.17"]

1. Nf3 Nf6 2. c4 e6 3. Nc3 d5 4. d4 Be7 5. cxd5 exd5 6. Bf4 c6 7. e3 Bf5 8. Nh4
Be6 9. Bd3 g6 10. Nf3 Qb6 11. Qc2 Nbd7 12. O-O Nh5 13. Bh6 Bg4 14. Nd2 Bf8 15.
Bxf8 Kxf8 16. b4 Nhf6 17. b5 Kg7 18. bxc6 bxc6 19. Rfc1 Rab8 20. h3 Be6 21. Rab1
Qa5 22. Nb3 Qa3 23. Ne2 Rhc8 24. Nf4 a5 25. Qd2 a4 26. Nc5 Nxc5 27. Rxc5 Rxb1+
28. Bxb1 Bd7 29. Rc3 Qb4 30. Qc1 Rb8 31. Bd3 Ne8 32. a3 Qb6 33. Bc2 Qa7 34. Nd3
Qa5 35. Nb4 Nd6 36. Bd3 Qb6 37. Rc5 Nb7 38. Rc3 Na5 39. Na6 Rc8 40. Nc5 Nb3 41.
Qb2 Be8 42. Nxa4 Qa5 43. Qxb3 c5 44. Nxc5 Rd8 45. Qb4 Qa8 46. Rc1 Rc8 47. Qc3
Rb8 48. e4 Rd8 49. exd5 Qxd5 50. Be4 Qd6 51. Nb7 Qe7 52. Nxd8 Qxe4 53. Nc6 Qf4
54. d5+ Kg8 55. Qe3 1-0

[Event "Titled Tue 17th Jun Early"]
[Site "chess.com INT"]
[Date "2025.06.17"]
[Round "10"]
[White "Linares Orellana, Hector Jose"]
[Black "Jovic, Stanoje"]
[Result "0-1"]
[WhiteTitle "FM"]
[BlackTitle "FM"]
[WhiteElo "2111"]
[BlackElo "2096"]
[WhiteFideId "7304307"]
[BlackFideId "905020"]
[EventDate "2025.06.17"]

1. d4 Nf6 2. c4 e6 3. Nc3 Bb4 4. Nf3 O-O 5. e3 d5 6. a3 Bxc3+ 7. bxc3 b6 8. Ne5
Nfd7 9. Nxd7 Qxd7 10. Bd3 Ba6 11. cxd5 Bxd3 12. Qxd3 exd5 13. O-O c5 14. dxc5
bxc5 15. Rd1 Rd8 16. c4 d4 17. exd4 cxd4 18. Qe4 Nc6 19. Bf4 Re8 20. Qd5 Rad8
21. Rac1 Qe6 22. Qxe6 fxe6 23. Bg5 Rd7 24. f4 Rb8 25. Rd3 Rb2 26. Re1 Kf7 27. g4
Rc2 28. Bh4 Rxc4 29. Bf2 Rc3 30. Red1 Rxd3 31. Rxd3 e5 32. fxe5 Nxe5 33. Rd1 d3
34. h3 a6 35. Bc5 Rd5 36. Bb4 a5 37. Bc3 Nc4 38. Kf2 Nxa3 39. Ke3 Nc4+ 40. Ke4
Nb6 41. Rxd3 Rxd3 42. Kxd3 a4 43. Bb4 Nd5 44. Bd6 Ke6 45. Bb8 g5 46. Kc4 h6 47.
Bg3 Nf4 48. h4 Ne2 49. hxg5 hxg5 50. Bf2 Ke5 51. Kb4 Kf4 52. Kxa4 Kxg4 53. Bb6
Kf3 54. Bc7 g4 55. Bh2 Ng3 56. Kb4 Nf1 57. Bd6 Nd2 58. Kc3 Ne4+ 59. Kd3 Nxd6 60.
Kd2 g3 61. Ke1 g2 0-1

[Event "Titled Tue 17th Jun Early"]
[Site "chess.com INT"]
[Date "2025.06.17"]
[Round "10"]
[White "Shogdzhiev, Roman"]
[Black "Salinas Herrera, Pablo"]
[Result "1-0"]
[WhiteTitle "FM"]
[BlackTitle "GM"]
[WhiteElo "2402"]
[BlackElo "2447"]
[WhiteFideId "55653537"]
[BlackFideId "3407128"]
[EventDate "2025.06.17"]

1. e4 c5 2. Nf3 e6 3. d4 cxd4 4. Nxd4 a6 5. g3 Qc7 6. Bg2 Nc6 7. O-O Nf6 8. c4
Nxd4 9. Qxd4 Bc5 10. Qd3 O-O 11. Nc3 d6 12. Bf4 Nd7 13. b3 Ne5 14. Qe2 Bd7 15.
Be3 Rad8 16. Rac1 Bc6 17. Rfd1 b6 18. a4 Bb7 19. h3 Rfe8 20. f4 Nc6 21. Kh2 Na5
22. Rb1 Nc6 23. Rbc1 Qb8 24. Qf2 Qa8 25. h4 Nb4 26. a5 Bxe3 27. Qxe3 bxa5 28.
Qb6 Nc6 29. Rd2 Rd7 30. Rcd1 Qd8 31. Qxd8 Rexd8 32. e5 d5 33. cxd5 exd5 34. Nxd5
Kf8 35. Bh3 Nxe5 36. fxe5 Rxd5 37. Rxd5 Rxd5 38. Rc1 Rxe5 39. Rc7 Rb5 40. Bf1
Rxb3 41. Bc4 Rb2+ 42. Kg1 Be4 43. Rxf7+ Ke8 44. Rxg7 a4 45. Ra7 Rg2+ 46. Kf1
Rxg3 47. Rxa6 a3 48. Kf2 Rf3+ 49. Ke2 Rc3 50. Re6+ Kd7 51. Rxe4 a2 52. Rd4+ 1-0

[Event "Titled Tue 17th Jun Early"]
[Site "chess.com INT"]
[Date "2025.06.17"]
[Round "10"]
[White "Mihajlovskij, Sergei"]
[Black "Mizzi, Jack"]
[Result "0-1"]
[BlackTitle "CM"]
[WhiteElo "2292"]
[BlackElo "2107"]
[WhiteFideId "13500805"]
[BlackFideId "5602521"]
[EventDate "2025.06.17"]

1. e4 c6 2. Nf3 d5 3. Nc3 Bg4 4. h3 Bxf3 5. Qxf3 e6 6. d4 Nd7 7. Bd2 dxe4 8.
Nxe4 Ngf6 9. Bd3 Nxe4 10. Qxe4 Nf6 11. Qe3 Be7 12. O-O O-O 13. c4 Rc8 14. Rad1
c5 15. Bc3 cxd4 16. Bxd4 Qa5 17. a3 a6 18. Bb6 Qa4 19. b4 Kh8 20. Bd4 Qxa3 21.
Ra1 Qxb4 22. Rfb1 Qd6 23. Rxb7 Rfd8 24. Bxf6 Bxf6 25. Rd1 Rxc4 26. Bxc4 Qxd1+
27. Kh2 Qd6+ 28. g3 Qc6 29. Qb3 Kg8 30. Rb6 Qc5 31. Kg2 Bd4 32. Rxa6 Bxf2 33.
Ra2 Bd4 34. Bd3 Qd5+ 35. Qxd5 exd5 36. Kf3 g6 37. Ra6 Re8 38. Bb5 Rd8 39. Rc6
Kg7 40. Rc7 Be5 41. Rb7 Ra8 42. Bc6 Ra3+ 43. Kg2 Rxg3+ 44. Kf2 Rd3 45. Be8 Rd4
46. Rxf7+ Kh6 47. Rd7 Bf6 48. Bf7 Rf4+ 49. Kg2 Be5 50. Bxd5 Kg5 51. Bg8 Re4 52.
Bxh7 Re2+ 53. Kf3 Re1 0-1

[Event "Titled Tue 17th Jun Early"]
[Site "chess.com INT"]
[Date "2025.06.17"]
[Round "10"]
[White "Domin, Yan"]
[Black "Sychev, Klementy"]
[Result "1-0"]
[WhiteTitle "FM"]
[BlackTitle "GM"]
[WhiteElo "2222"]
[BlackElo "2513"]
[WhiteFideId "34169342"]
[BlackFideId "4114060"]
[EventDate "2025.06.17"]

1. e4 e5 2. Nf3 Nc6 3. Nc3 Nf6 4. Bb5 Bd6 5. d3 O-O 6. O-O a6 7. Bxc6 dxc6 8.
Ne2 Nh5 9. h3 f5 10. exf5 Bxf5 11. Nc3 Qe8 12. Ne4 Nf6 13. Ng3 Qd7 14. Re1 Rae8
15. Bg5 Nd5 16. Nxf5 Rxf5 17. Be3 Ref8 18. Nd2 Qf7 19. Ne4 h6 20. Qg4 Kh8 21. a3
Be7 22. Re2 h5 23. Qg3 Nf4 24. Bxf4 exf4 25. Qf3 g5 26. Rae1 Qg6 27. Nd2 g4 28.
Qe4 gxh3 29. f3 Bc5+ 30. Kh1 Qf6 31. gxh3 Rg8 32. Rg2 Rxg2 33. Kxg2 Rg5+ 34. Kh1
Rg3 35. Qe8+ Kg7 36. Qd7+ Qf7 37. Qxf7+ Kxf7 38. Ne4 Rxf3 39. Nxc5 Rxh3+ 40. Kg2
Rg3+ 41. Kf2 h4 42. Rh1 Rg4 43. Ne4 b6 44. Kf3 Rg6 45. Rxh4 Ke6 46. Rxf4 c5 47.
Ke2 a5 48. Rf2 Rg1 49. Kd2 a4 50. Kc3 Kd5 51. Rf7 Kc6 52. b3 axb3 53. Kxb3 Rb1+
54. Kc3 Rh1 55. Kb2 Rd1 56. Nc3 Re1 57. a4 Rh1 58. Nb5 c4 59. Rxc7+ Kd5 60. Rxc4 1-0

[Event "Titled Tue 17th Jun Early"]
[Site "chess.com INT"]
[Date "2025.06.17"]
[Round "10"]
[White "Gilfanov, Marat I"]
[Black "Howell, David W L"]
[Result "0-1"]
[WhiteTitle "FM"]
[BlackTitle "GM"]
[WhiteElo "2343"]
[BlackElo "2668"]
[WhiteFideId "34372164"]
[BlackFideId "410608"]
[EventDate "2025.06.17"]

1. e4 e6 2. d4 d5 3. Nc3 dxe4 4. Nxe4 Bd7 5. Nf3 Bc6 6. Bd3 Nd7 7. Qe2 Ngf6 8.
Ng3 Bxf3 9. Qxf3 c6 10. O-O Be7 11. c3 O-O 12. h4 Re8 13. h5 a5 14. Be3 a4 15.
a3 Qa5 16. Rfe1 Rad8 17. Bf4 Nd5 18. Be5 Nxe5 19. Rxe5 Bd6 20. Rg5 h6 21. Rg4
Be7 22. Re1 Nf6 23. Rf4 Rd5 24. Bc4 Rg5 25. Qe2 Bd6 26. Rf3 Bxg3 27. fxg3 Nxh5
28. Qf2 Nf6 29. Rf4 Qd8 30. Qf3 Qd6 31. Ba2 Re7 32. Bb1 Nd5 33. Qd3 g6 34. Rf3
Kg7 35. Ref1 Rf5 36. Qd1 Rxf3 37. Rxf3 f5 38. Qxa4 Nf6 39. Qc2 e5 40. dxe5 Qxe5
41. Ba2 h5 42. Qd2 Ng4 43. Rf1 Qxg3 44. Qd4+ Kh7 45. Qf4 Qxf4 46. Rxf4 Re1+ 47.
Rf1 Re2 48. Rb1 Ne3 49. Bb3 Rxg2+ 50. Kh1 Re2 51. a4 h4 52. Rg1 Kh6 53. Bd1 Nxd1
54. Rxd1 Rxb2 55. a5 Ra2 56. Rd8 Rxa5 57. Kh2 Rc5 58. Kh3 Kg5 59. Rd3 b5 60. Kg2
Rc4 61. Kh3 c5 62. Rf3 Kh5 63. Rd3 g5 64. Rd8 g4+ 65. Kg2 Kg5 66. Rd3 Kf4 67.
Kf2 h3 68. Rg3 Re4 0-1

[Event "Titled Tue 17th Jun Early"]
[Site "chess.com INT"]
[Date "2025.06.17"]
[Round "10"]
[White "Flynn, Jacob"]
[Black "Aaradhya Das"]
[Result "1-0"]
[WhiteTitle "CM"]
[BlackTitle "WCM"]
[WhiteElo "2274"]
[BlackElo "1786"]
[WhiteFideId "2509393"]
[BlackFideId "33361436"]
[EventDate "2025.06.17"]

1. d4 d5 2. c4 e6 3. Nc3 Nf6 4. cxd5 exd5 5. Bg5 Nbd7 6. e3 Be7 7. Bd3 h6 8. Bf4
O-O 9. h3 c5 10. Nf3 c4 11. Bc2 Qb6 12. Rb1 Bd6 13. O-O a6 14. Ne5 Qc7 15. Nxd7
Bxd7 16. Bxd6 Qxd6 17. Qf3 Rfe8 18. Rfd1 Bc6 19. g3 Ne4 20. Bxe4 dxe4 21. Qf4
Qxf4 22. gxf4 Bd7 23. Kg2 Re6 24. d5 Rg6+ 25. Kh2 f5 26. b3 Rc8 27. bxc4 Rxc4
28. Rxb7 Rxc3 29. Rxd7 Rc2 30. Rf1 Rxa2 31. Re7 Rd2 32. Re5 a5 33. Rxf5 a4 34.
Re5 a3 35. Rxe4 Rxd5 36. Ra4 Rd3 37. f5 Rb6 38. Ra1 Rb2 39. Kg3 Rdd2 40. R4xa3
Rxf2 41. e4 Rfe2 42. Kf4 Rb4 43. Re3 Rf2+ 44. Rf3 Re2 45. Re3 Rf2+ 46. Kg3 Rbb2
47. Rae1 g6 48. fxg6 Kg7 49. e5 1-0

[Event "Titled Tue 17th Jun Early"]
[Site "chess.com INT"]
[Date "2025.06.17"]
[Round "10"]
[White "Ter-Sahakyan, Samvel"]
[Black "Luong Phuong Hanh"]
[Result "1-0"]
[WhiteTitle "GM"]
[BlackTitle "WIM"]
[WhiteElo "2611"]
[BlackElo "2121"]
[WhiteFideId "13302531"]
[BlackFideId "12401013"]
[EventDate "2025.06.17"]

1. d4 Nf6 2. c4 g6 3. Nc3 d5 4. cxd5 Nxd5 5. e4 Nxc3 6. bxc3 Bg7 7. Nf3 c5 8. h3
Nc6 9. Be3 O-O 10. Be2 Qa5 11. Bd2 cxd4 12. cxd4 Qa3 13. d5 Ne5 14. O-O Nxf3+
15. Bxf3 Bxh3 16. Rb1 Bc8 17. Bb4 Qxa2 18. Bxe7 Re8 19. d6 Qe6 20. Qb3 Rb8 21.
Qa3 a6 22. e5 Qxe5 23. Rfe1 Qf5 24. Rbc1 Be6 25. Rc7 Bf8 26. Bxb7 Bxe7 27. dxe7
Qb5 28. Bc6 Qb6 29. Qd6 Qa5 30. Rxe6 Rb1+ 31. Kh2 Qh5+ 32. Kg3 Qg5+ 33. Kf3 Qf5+
34. Qf4 Qxe6 35. Bxe8 Rb3+ 36. Qe3 Qf5+ 37. Ke2 Rxe3+ 38. fxe3 Qg4+ 39. Kf2 Qf5+
40. Ke2 Qh5+ 41. Kf2 Qh4+ 42. Kf1 Qh1+ 43. Kf2 Qh4+ 44. Ke2 Qg3 45. Bc6 Qg4+ 46.
Kf2 Qf5+ 47. Kg1 Qb1+ 48. Kh2 Qb8 49. e8=Q+ 1-0

[Event "Titled Tue 17th Jun Early"]
[Site "chess.com INT"]
[Date "2025.06.17"]
[Round "10"]
[White "Craciun, Sasha-Matei"]
[Black "Bruhovich, Olexandr"]
[Result "1-0"]
[WhiteTitle "FM"]
[BlackTitle "CM"]
[WhiteElo "2320"]
[BlackElo "2208"]
[WhiteFideId "1281186"]
[BlackFideId "14119919"]
[EventDate "2025.06.17"]

1. e4 a6 2. d4 b5 3. a4 Bb7 4. Bd3 bxa4 5. Nc3 g6 6. Nge2 Bg7 7. O-O Nf6 8. f4
d6 9. f5 Nbd7 10. Rxa4 O-O 11. Bf4 Nh5 12. Be3 c5 13. dxc5 Nxc5 14. Ra3 Nxd3 15.
Qxd3 a5 16. Rfa1 Ba6 17. Qd2 Bxe2 18. Qxe2 Qb8 19. R1a2 Nf6 20. Bd4 Qc7 21. Nb5
Qb7 22. e5 Nd5 23. c4 Nb4 24. Ra1 Nc6 25. f6 Nxd4 26. Nxd4 exf6 27. exd6 f5 28.
Nb5 Qb6+ 29. Kh1 Rfe8 30. Qd2 Rad8 31. h3 Be5 32. Rd1 f4 33. Qxa5 Qf2 34. Qd2
Qh4 35. d7 Re7 36. Ra8 Re6 37. Rxd8+ Qxd8 38. c5 Rc6 39. b4 h5 40. Na7 Rc7 41.
Nb5 Rb7 42. Qd3 Kg7 43. c6 f6 44. cxb7 Qb6 45. d8=Q Qxb7 46. Q8d7+ Qxd7 47.
Qxd7+ Kh6 48. Nd6 Kg5 49. Nf7+ Kh4 50. Qe6 g5 51. Nxe5 f5 52. Qxf5 g4 53. Qf6+
Kg3 54. Rd3+ Kf2 55. Qxf4+ Ke2 56. Qd2+ Kf1 57. Qd1+ Kf2 58. Rd2+ Kg3 59. Qe1+
Kf4 60. Nd3+ Kg5 61. Qe5+ Kh4 62. g3+ Kxh3 63. Rh2# 1-0

[Event "Titled Tue 17th Jun Early"]
[Site "chess.com INT"]
[Date "2025.06.17"]
[Round "10"]
[White "Puranik, Abhimanyu"]
[Black "Sarana, Alexey"]
[Result "0-1"]
[WhiteTitle "GM"]
[BlackTitle "GM"]
[WhiteElo "2622"]
[BlackElo "2686"]
[WhiteFideId "5061245"]
[BlackFideId "24133795"]
[EventDate "2025.06.17"]

1. Nf3 d5 2. g3 c6 3. Bg2 Bf5 4. O-O Nd7 5. c4 dxc4 6. a4 e5 7. Na3 Bxa3 8. Rxa3
Ngf6 9. a5 O-O 10. b3 e4 11. Nd4 Bg6 12. Bb2 cxb3 13. Qxb3 Nc5 14. Qb4 Qd5 15.
Rc1 Nfd7 16. d3 Rfe8 17. Rac3 b6 18. dxe4 Bxe4 19. f3 Bg6 20. e4 bxa5 21. Qxc5
Qxc5 22. Rxc5 Nxc5 23. Rxc5 Reb8 24. Bc3 a4 25. Ra5 c5 26. Nb5 a6 27. Nc7 Rb1+
28. Bf1 Ra7 29. Nd5 f6 30. Kf2 Be8 31. Bc4 Bb5 32. Ba2 Rf1+ 33. Kg2 Rc1 34. Nc7+
Kf8 35. Nxb5 axb5 36. Rxa7 Rxc3 37. Bd5 c4 38. f4 Rd3 39. Rb7 Rb3 40. e5 fxe5
41. fxe5 a3 42. e6 Re3 43. Rf7+ Ke8 44. Bc6+ Kd8 45. Rd7+ Kc8 46. Bxb5 c3 47.
Rd1 Kc7 48. Ra1 Kb6 49. Ba4 Kc5 50. Rxa3 Kb4 51. Ra1 Rxe6 52. Kf2 Ra6 0-1

[Event "Titled Tue 17th Jun Early"]
[Site "chess.com INT"]
[Date "2025.06.17"]
[Round "10"]
[White "Duarte Cramer, Lily Jeanette"]
[Black "Stefanov, Plamen"]
[Result "1-0"]
[WhiteTitle "WCM"]
[WhiteElo "1828"]
[BlackElo "1982"]
[WhiteFideId "29620180"]
[BlackFideId "2900980"]
[EventDate "2025.06.17"]

1. d4 Nf6 2. c4 c5 3. Nc3 cxd4 4. Qxd4 Nc6 5. Qd1 g6 6. Nf3 Bg7 7. e4 d6 8. Be3
O-O 9. Be2 Ng4 10. Nd4 Nxe3 11. fxe3 Qb6 12. Nxc6 bxc6 13. Qd2 Rb8 14. Rb1 Qb4
15. O-O Ba6 16. a3 Qb3 17. Rfc1 Bxc4 18. Bxc4 Qxc4 19. Nd5 Qxe4 20. Nc3 Qe6 21.
Ne2 Bh6 22. Nf4 Qe4 23. Kf2 Rb3 24. Re1 Rfb8 25. Qe2 Bxf4 26. exf4 Qxf4+ 27. Kg1
e5 28. Qc2 Qd4+ 29. Kh1 Rxb2 30. Rxb2 Rxb2 31. Qxc6 Qd2 32. Rg1 Kg7 33. Qd7 h5
34. Qxa7 h4 35. Qd7 Rb3 36. a4 h3 37. Qg4 hxg2+ 38. Rxg2 Rb1+ 39. Rg1 Qd5+ 40.
Qg2 Qxg2+ 41. Kxg2 Rb2+ 42. Kg3 Ra2 43. Rd1 Rxa4 44. Rxd6 f5 45. Re6 e4 46. Kf4
Kf7 47. Rb6 Ra2 48. h4 Rg2 49. Rb7+ Kf6 50. Rb6+ Kg7 51. h5 Rg4+ 52. Ke5 e3 53.
hxg6 Rxg6 54. Rb1 e2 55. Kf4 Re6 56. Re1 Kf6 57. Kf3 1-0

[Event "Titled Tue 17th Jun Early"]
[Site "chess.com INT"]
[Date "2025.06.17"]
[Round "10"]
[White "Gubatayev, Ahmet"]
[Black "Olhovik, Andrei"]
[Result "0-1"]
[WhiteTitle "CM"]
[BlackTitle "FM"]
[WhiteElo "2191"]
[BlackElo "2282"]
[WhiteFideId "14004526"]
[BlackFideId "13507397"]
[EventDate "2025.06.17"]

1. Nf3 d5 2. d4 c5 3. c3 Nc6 4. g3 cxd4 5. cxd4 Bf5 6. Bg2 e6 7. O-O Bd6 8. Nc3
Nge7 9. a3 O-O 10. b4 Rc8 11. Bb2 a5 12. b5 Nb8 13. Qb3 Nd7 14. Rac1 Nb6 15. Na4
Nc4 16. Ne5 Bxe5 17. dxe5 Nd2 18. Qe3 Nxf1 19. Rxf1 Rc2 20. Bd4 Qd7 21. Qb3 Qc8
22. Nb6 Qc7 23. Qe3 Bg6 24. g4 Nc8 25. Na4 Qc4 26. Nc3 Ne7 27. h4 h5 28. f3 Rc8
29. Kh2 Rxc3 30. Bxc3 Qxc3 31. Qg5 hxg4 32. h5 g3+ 33. Kh1 Nf5 34. hxg6 fxg6 35.
f4 Kf7 36. Bf3 Rh8+ 37. Kg2 Ne3+ 38. Kg1 Nxf1 39. Kxf1 Qc1+ 40. Kg2 Qe3 41. Qxg3
d4 42. Qg4 d3 43. exd3 Qxd3 44. Bxb7 Qc2+ 45. Kg1 Qb1+ 46. Kf2 Qxb5 47. Be4 Rh6
48. Qg5 Qc5+ 49. Kf3 Qc3+ 50. Kf2 Qd4+ 51. Kf3 Qd1+ 52. Kf2 Qd2+ 53. Kf3 Qh2 54.
Qd8 Rh3+ 55. Kg4 Qg3# 0-1